01686 a2200205 45000010006000000050017000060080041000230030015000640400040000790800387001192450081005060200022005872640036006093000032006455050652006770410008013291000024013377000024013618560095013855736020260407155835.0260407a2011 arg spa dAR-UNSa-BCEJYS aAR-UNSa-BCEJYSbspacAR-UNSa-BCEJYS a330.101.8xClasificación y subdivisiones de la economía. Teórica, práctica. Pura, aplicada. General, especial. Relación de la economía con la teoría de la economía política. Interrelaciones de economía política, economía privada, economía de la empresa (economía comercial). Relación de la economía política general y especial. Economía sectorial10aEl hombre, la economía y el estadoptratado sobre principios de economía a978-84-7209-554-0 1aMadrid :bUnion Editorialc2011 a2 v. (527 ; 581 p.)c23 cm. aVol. I: 1. Los fundamentos de la acción humana - 2. El intercambio directo – 3. El modelo de intercambio indirecto – 4. Los precios y el consumo – 5. La producción: su estructura – 6. La producción: la tasa de interés y su determinación – 7. La producción: determinación general del precio de los factores – Vol II: 8. La producción: la función empresarial y el cambio – 9. La producción: los precios de los factores y los ingresos de la producción – 10. El monopolio y la competencia – 11. El dinero y su poder adquisitivo – 12. Las consecuencias económicas de la intervención violenta en el mercado  aspa1 aRothbard, Murray N.1 aSedaca, Norberto R.41uhttps://biblioeco.unsa.edu.ar/pmb/images/libros/L128750.jpgyImagen de portadaqimage/jpeg